000 01271nac a22002891u 4500
010 _a 2003279735
020 _a0470850876
035 _a(OCoLC)ocm50937854
082 0 4 _a658.4038
_bMCK
090 _c6858
_d6858
100 _aMcKeen, James D.
245 1 0 _aMaking IT happen :
_bcritical issues in IT management /
_cJames D. McKeen and Heather A. Smith.
260 _aChichester ;
_aHoboken, NJ :
_bWiley,2003
_cc2003.
300 _axvi, 366 p. :
_bill. ;
_c24 cm.
490 1 _aWiley series in information systems
500 _adistributer: Al-Ahram
504 _aIncludes bibliographical references and index.
511 _acatalogued by: wessam
650 0 _aInformation technology
_xManagement.
700 1 _aSmith, Heather,
_d1951-
830 0 _aJohn Wiley information systems series.
856 4 2 _3Contributor biographical information
_uhttp://www.loc.gov/catdir/bios/wiley046/2003279735.html
856 4 2 _3Publisher description
_uhttp://www.loc.gov/catdir/description/wiley041/2003279735.html
856 4 2 _3Table of contents
_uhttp://www.loc.gov/catdir/toc/wiley041/2003279735.html
942 _cBB
_k658.4038MCK
999 _c6858
_d6858